000
00331nam a22001337a 4500
008
260401b ||||| |||| 00| 0 eng d
020
_a
003-800070999568
041
_a
eng
080
_a
8210.1
100
_a
25
101
_a
conferece
245
_a
Regional Science Conference with International Participation
942
_2
udc
_c
BK
999
_c
60959
_d
60959